[Event "London Chess League Open"]
[Site "London"]
[Date "2023.06.03"]
[Round "2.5"]
[White "Rida, Ruqayyah"]
[Black "Liu, Jacob"]
[Result "1-0"]
[ECO "C08"]
[WhiteElo "1873"]
[BlackElo "1433"]
[PlyCount "115"]
[EventDate "2023.06.02"]
[EventType "swiss"]
[EventRounds "5"]
[EventCountry "ENG"]
[SourceTitle "BritBase"]
[Source "John Saunders"]
[SourceDate "2023.12.27"]
[SourceVersion "1"]
[SourceVersionDate "2023.12.27"]
[SourceQuality "1"]

1. e4 e6 2. d4 d5 3. Nd2 a6 4. Ngf3 c5 5. exd5 exd5 6. dxc5 Bxc5 7. Nb3 Ba7 8.
Be2 Nf6 9. O-O O-O 10. Nfd4 h6 11. Be3 Nc6 12. Bf3 Ne5 13. Bf4 Nxf3+ 14. Qxf3
Bg4 15. Qg3 Qd7 16. f3 Bf5 17. Bxh6 Nh5 18. Qh4 gxh6 19. Qxh5 Bxc2 20. Qxh6
Bxb3 21. Qg5+ Kh8 22. Qh4+ Kg7 23. axb3 Rh8 24. Qg5+ Kh7 25. Rad1 Rag8 26. Qh4+
Kg7 27. Qg4+ Qxg4 28. fxg4 Kf8 29. h3 Rg6 30. Rf3 Re6 31. Kf1 Re4 32. Nf5 d4
33. Rc1 Re8 34. Nd6 Re7 35. Nxf7 Rxf7 36. Rc8+ Kg7 37. Rxf7+ Kxf7 38. Rxh8 Ke6
39. Ke2 Ke5 40. Kd3 Kf4 41. Rf8+ Kg5 42. g3 Bb6 43. Rf5+ Kg6 44. Rd5 Ba7 45. h4
Bb8 46. Kxd4 Bxg3 47. h5+ Kf7 48. g5 Bh4 49. Ke4 b5 50. Kf5 b4 51. Rd7+ Ke8 52.
Rh7 a5 53. g6 a4 54. Ke6 Kf8 55. h6 a3 56. Ra7 Bd8 57. h7 Bf6 58. Kxf6 1-0

[Event "London Chess League Open"]
[Site "London"]
[Date "2023.06.03"]
[Round "2.6"]
[White "Obi, Okwose Marc"]
[Black "Faulks, Nick"]
[Result "0-1"]
[ECO "A34"]
[WhiteElo "1733"]
[BlackElo "1816"]
[PlyCount "96"]
[EventDate "2023.06.02"]
[EventType "swiss"]
[EventRounds "5"]
[EventCountry "ENG"]
[SourceTitle "BritBase"]
[Source "John Saunders"]
[SourceDate "2023.12.27"]
[SourceVersion "1"]
[SourceVersionDate "2023.12.27"]
[SourceQuality "1"]

1. e4 c5 2. c4 e6 3. Nc3 a6 4. g3 b6 5. Bg2 Bb7 6. Nge2 Qc7 7. O-O h5 8. h4 Be7
9. b3 g5 10. hxg5 h4 11. d4 hxg3 12. Nxg3 Rh4 13. Be3 Nc6 14. dxc5 bxc5 15. Na4
Ne5 16. Qd2 O-O-O 17. Rfc1 f5 18. f4 Ng4 19. Rf1 fxe4 20. b4 Nxe3 21. Qxe3 Bd6
22. Ne2 Rf8 23. Nxc5 Bxc5 24. Qxc5 Qxc5+ 25. bxc5 Rf5 26. Rac1 Ne7 27. Rc3 Ng6
28. Rh3 Nxf4 29. Rxh4 Nxe2+ 30. Kh2 Rxg5 31. Bxe4 Rxc5 32. Bxb7+ Kxb7 33. Rf3
Nc1 34. Ra3 Kb6 35. Kg2 Ra5 36. Rxa5 Kxa5 37. a3 Nd3 38. Rd4 Nc5 39. Kf3 Ka4
40. Kf4 Kxa3 41. Ke5 Kb4 42. Kd6 a5 43. Rh4 a4 44. Rh1 a3 45. Rb1+ Nb3 46. c5
a2 47. Rh1 Nxc5 48. Ra1 Kb3 {remaining moves incomprehensible - 60 moves} 0-1

[Event "London Chess League Open"]
[Site "London"]
[Date "2023.06.03"]
[Round "2.7"]
[White "Isaacs, Ruairi"]
[Black "Lalic, Peter D"]
[Result "0-1"]
[ECO "A07"]
[WhiteElo "1451"]
[BlackElo "2081"]
[PlyCount "70"]
[EventDate "2023.06.02"]
[EventType "swiss"]
[EventRounds "5"]
[EventCountry "ENG"]
[SourceTitle "BritBase"]
[Source "John Saunders"]
[SourceDate "2023.12.27"]
[SourceVersion "1"]
[SourceVersionDate "2023.12.27"]
[SourceQuality "1"]

1. d3 Nc6 2. Nf3 d5 3. g3 e5 4. Bg2 f6 5. Nbd2 Be6 6. O-O Nge7 7. e4 Qd7 8. b3
O-O-O 9. Bb2 d4 10. Ne1 g5 11. Nef3 Ng6 12. Re1 h5 13. Nf1 h4 14. Bc1 Bb4 15.
Bd2 Ba3 16. Bc1 Bb4 17. Bd2 Bc3 18. Bxc3 dxc3 19. Re3 h3 20. Bh1 g4 21. Ne1 Nd4
22. Rc1 Qe7 23. Ra1 Qa3 24. Qc1 Qxc1 25. Rxc1 Nf4 26. gxf4 exf4 27. Rb1 b5 28.
Ra1 c5 29. a4 b4 30. Rb1 Kc7 31. Ra1 Rh7 32. Rb1 Kb6 33. Ra1 Ka5 34. e5 fxe3
35. Nxe3 fxe5 0-1

[Event "London Chess League Open"]
[Site "London"]
[Date "2023.06.03"]
[Round "2.8"]
[White "Sedykh, Mikhail"]
[Black "Tawab, Ramin"]
[Result "1-0"]
[ECO "D37"]
[WhiteElo "2088"]
[BlackElo "1649"]
[PlyCount "114"]
[EventDate "2023.06.02"]
[EventType "swiss"]
[EventRounds "5"]
[EventCountry "ENG"]
[SourceTitle "BritBase"]
[Source "John Saunders"]
[SourceDate "2023.12.27"]
[SourceVersion "1"]
[SourceVersionDate "2023.12.27"]
[SourceQuality "1"]

1. d4 d5 2. c4 e6 3. Nc3 a6 4. cxd5 exd5 5. Nf3 Nf6 6. Bg5 Be7 7. e3 O-O 8. Bd3
h6 9. Bh4 Re8 10. Qc2 Nc6 11. a3 Nh5 12. Bxe7 Rxe7 13. O-O Nf6 14. b4 Bg4 15.
Nd2 Bc8 16. Na4 Qd6 17. Rfe1 b6 18. Rac1 Bd7 19. Nf3 Ra7 20. Nc3 b5 21. Ne2 Rb7
22. Bf5 Rb6 23. Ng3 g6 24. Bxd7 Qxd7 25. Qc3 Qd6 26. Red1 Ng4 27. Ne2 Nf6 28.
Nf4 g5 29. Nd3 Ne4 30. Qb2 f6 31. Nc5 a5 32. Rc2 Kg7 33. Rdc1 Kg6 34. Ne1 g4
35. Ned3 Ng5 36. Nf4+ Kg7 37. Qb3 axb4 38. axb4 Nxd4 39. Nh5+ Kg6 40. Qd3+ Kxh5
41. Qxd4 Rg7 42. Nd3 Nf7 43. Nf4+ Kg5 44. Nxd5 Rb7 45. Rxc7 Rxc7 46. Nxc7 Qxd4
47. exd4 Kf5 48. Nxb5 Ng5 49. Nc7 Rd7 50. d5 Ne4 51. b5 Nd6 52. b6 Nb7 53. Kf1
Rd6 54. Rb1 Ke5 55. Re1+ Kf5 56. Rb1 Ke5 57. Ke2 f5 1-0

[Event "London Chess League Open"]
[Site "London"]
[Date "2023.06.03"]
[Round "2.9"]
[White "Prince, Alan R"]
[Black "Peoples, Jonathon"]
[Result "0-1"]
[ECO "A07"]
[WhiteElo "1676"]
[BlackElo "1933"]
[PlyCount "70"]
[EventDate "2023.06.02"]
[EventType "swiss"]
[EventRounds "5"]
[EventCountry "ENG"]
[SourceTitle "BritBase"]
[Source "John Saunders"]
[SourceDate "2023.12.27"]
[SourceVersion "1"]
[SourceVersionDate "2023.12.27"]
[SourceQuality "1"]

1. Nf3 Nf6 2. g3 d5 3. Bg2 c6 4. O-O Bg4 5. h3 Bh5 6. d3 Nbd7 7. Nbd2 e5 8. e4
dxe4 9. dxe4 Bc5 10. Qe2 O-O 11. Nc4 Qc7 12. g4 Bg6 13. Nh4 b5 14. Nd2 Rfe8 15.
Bf3 Nf8 16. Nb3 Bb6 17. Rd1 Ne6 18. Nf5 Nf4 19. Qf1 Rad8 20. Be3 Bxe3 21. fxe3
Qb6 22. Rxd8 Rxd8 23. Re1 a5 24. Kh2 Ne6 25. Rd1 Bxf5 26. exf5 Ng5 27. Rxd8+
Qxd8 28. Bxc6 {(=)} a4 29. Nc5 Qd6 30. Qxb5 e4+ 31. Kg2 Qd2+ 32. Kh1 Qd1+ 33.
Kh2 Nf3+ 34. Kg3 Qg1+ 35. Kf4 Qh2# 0-1

[Event "London Chess League Open"]
[Site "London"]
[Date "2023.06.03"]
[Round "2.10"]
[White "Muirhead, Samuel"]
[Black "Faulkner, Martin J"]
[Result "1-0"]
[ECO "E04"]
[WhiteElo "1621"]
[BlackElo "1774"]
[PlyCount "59"]
[EventDate "2023.06.02"]
[EventType "swiss"]
[EventRounds "5"]
[EventCountry "ENG"]
[SourceTitle "BritBase"]
[Source "John Saunders"]
[SourceDate "2023.12.27"]
[SourceVersion "1"]
[SourceVersionDate "2023.12.27"]
[SourceQuality "1"]

1. d4 Nf6 2. c4 e6 3. g3 d5 4. Nf3 dxc4 5. Bg2 a6 6. Ne5 c5 7. Be3 cxd4 8. Bxd4
Nd5 9. Nxc4 Nc6 10. O-O Nxd4 11. Qxd4 Qf6 12. Qxf6 gxf6 13. Bxd5 exd5 14. Nb6
Rb8 15. Nxd5 Bg7 16. Nbc3 Bh3 17. Rfd1 O-O 18. Ne4 f5 19. Nef6+ Kh8 20. Nd7 f4
21. Nxf8 Rxf8 22. Nxf4 Bf5 23. Rd2 h6 24. Rad1 Kh7 25. f3 b5 26. e4 Bc8 27. Rd8
a5 28. Rxf8 Bxf8 29. Rd8 Bc5+ 30. Kg2 1-0

[Event "London Chess League Open"]
[Site "London"]
[Date "2023.06.03"]
[Round "2.11"]
[White "Ciesielski, Marceli"]
[Black "Berkley, Stephen W"]
[Result "1-0"]
[ECO "D00"]
[WhiteElo "1769"]
[BlackElo "1615"]
[PlyCount "89"]
[EventDate "2023.06.02"]
[EventType "swiss"]
[EventRounds "5"]
[EventCountry "ENG"]
[SourceTitle "BritBase"]
[Source "John Saunders"]
[SourceDate "2023.12.27"]
[SourceVersion "1"]
[SourceVersionDate "2023.12.27"]
[SourceQuality "1"]

1. d4 e6 2. Bf4 d5 3. e3 Bd6 4. Bg3 Nf6 5. Nd2 c5 6. c3 Qe7 7. Ngf3 O-O 8. Bd3
b6 9. Ne5 Bb7 10. Bh4 Qd8 11. f4 Be7 12. Qf3 Nc6 13. O-O Nd7 14. Bxe7 Qxe7 15.
Nxd7 Qxd7 16. f5 exf5 17. Bxf5 Qd6 18. Rae1 Ba6 19. Rf2 Rae8 20. Rd1 cxd4 21.
exd4 Re7 22. Bd3 Bc8 23. Re2 Rfe8 24. Rde1 Rxe2 25. Rxe2 Rxe2 26. Qxe2 Qe7 27.
Nf1 Bf5 28. Qxe7 Nxe7 29. Ba6 f6 30. Bb7 Kf7 31. Ne3 Ke6 32. Nxd5 Nxd5 33. Bc8+
Kd6 34. Bxf5 Ne3 35. Bxh7 Nd1 36. Kf1 Nxb2 37. Ke2 b5 38. Bg8 Na4 39. Kd3 a5
40. Bf7 Nb6 41. Be8 b4 42. c4 Na8 43. c5+ Kd5 44. Bf7+ Kc6 45. Kc4 1-0

[Event "London Chess League Open"]
[Site "London"]
[Date "2023.06.03"]
[Round "2.12"]
[White "Lishoy Gengis Paratazham, Dildarav"]
[Black "Damodaran, Patrick"]
[Result "1/2-1/2"]
[ECO "B07"]
[WhiteElo "1584"]
[BlackElo "1748"]
[PlyCount "104"]
[EventDate "2023.06.02"]
[EventType "swiss"]
[EventRounds "5"]
[EventCountry "ENG"]
[SourceTitle "BritBase"]
[Source "John Saunders"]
[SourceDate "2023.12.27"]
[SourceVersion "1"]
[SourceVersionDate "2023.12.27"]
[SourceQuality "1"]

1. e4 d6 2. d4 Nf6 3. Nc3 g6 4. Bg5 Bg7 5. e5 dxe5 6. dxe5 Nfd7 7. f4 h6 8. Bh4
Nc6 9. Nf3 O-O 10. Bb5 a6 11. Bxc6 bxc6 12. Qe2 Nb6 13. O-O Be6 14. Rad1 Nd5
15. Nxd5 cxd5 16. c4 c6 17. Nd4 Qd7 18. Kh1 Bg4 19. Nf3 d4 20. h3 Bxf3 21. Qxf3
c5 22. Qa3 Qc7 23. b4 g5 24. Bg3 cxb4 25. Qxb4 Rfd8 26. Rc1 gxf4 27. Bxf4 Bxe5
28. Bxh6 Qd6 29. Qd2 Qg6 30. Bf4 Bg7 31. Rfe1 Re8 32. Qa5 f6 33. Rxe7 Rxe7 34.
Qd5+ Kh7 35. Qxa8 Rd7 36. Qf3 Bf8 37. c5 d3 38. c6 d2 39. Rd1 Rd3 40. Qe2 Qf5
41. Rxd2 Rc3 42. Rd7+ Kg8 43. Qe8 Rxh3+ 44. gxh3 Qxh3+ 45. Kg1 Qg4+ 46. Kf1
Qxf4+ 47. Ke1 Qc1+ 48. Kf2 Qf4+ 49. Kg2 Qg4+ 50. Kf2 Qf4+ 51. Kg2 Qg4+ 52. Kf2
Qf4+ 1/2-1/2

[Event "London Chess League Open"]
[Site "London"]
[Date "2023.06.03"]
[Round "2.13"]
[White "Han, Qixiang"]
[Black "Macphail, Kieran"]
[Result "0-1"]
[ECO "A01"]
[WhiteElo "1497"]
[BlackElo "1678"]
[PlyCount "90"]
[EventDate "2023.06.02"]
[EventType "swiss"]
[EventRounds "5"]
[EventCountry "ENG"]
[SourceTitle "BritBase"]
[Source "John Saunders"]
[SourceDate "2023.12.27"]
[SourceVersion "1"]
[SourceVersionDate "2023.12.27"]
[SourceQuality "1"]

1. b3 e5 2. Bb2 Nc6 3. c4 Nf6 4. e3 d5 5. cxd5 Qxd5 6. Nf3 Bg4 7. Bc4 Qd7 8. h3
Bxf3 9. Qxf3 O-O-O 10. O-O e4 11. Qe2 Nb4 12. a3 Nd3 13. Bd4 Bc5 14. Bxc5 Nxc5
15. b4 Nd3 16. b5 g5 17. a4 h5 18. a5 Kb8 19. f3 g4 20. fxe4 Nxe4 21. Rxf7 Qd6
22. Bxd3 Qxd3 23. Qxd3 Rxd3 24. Ra4 Nd6 25. Re7 gxh3 26. gxh3 Nxb5 27. Kf2 Rd5
28. e4 Rf8+ 29. Ke3 Rg5 30. Ke2 Rg2+ 31. Kd1 Rh2 32. Re5 a6 33. Rxh5 Rf3 34. h4
Rd3 35. Kc2 Rhh3 36. Rb4 Nd4+ 37. Kb2 Nf3 38. e5 Nxd2 39. e6 Nxb1 40. e7 Rd2+
41. Ka1 Nc3 42. e8=Q+ Ka7 43. Rxb7+ Kxb7 44. Rb5+ axb5 45. a6+ Ka7 0-1

[Event "London Chess League Open"]
[Site "London"]
[Date "2023.06.03"]
[Round "2.14"]
[White "Sowray, Peter J"]
[Black "Napolitano, Domenico"]
[Result "1/2-1/2"]
[ECO "D07"]
[WhiteElo "2176"]
[BlackElo "1414"]
[PlyCount "115"]
[EventDate "2023.06.02"]
[EventType "swiss"]
[EventRounds "5"]
[EventCountry "ENG"]
[SourceTitle "BritBase"]
[Source "John Saunders"]
[SourceDate "2023.12.27"]
[SourceVersion "1"]
[SourceVersionDate "2023.12.27"]
[SourceQuality "1"]

1. d4 d5 2. c4 Nc6 3. Nc3 Nf6 4. cxd5 Nxd5 5. e4 Nxc3 6. bxc3 e5 7. d5 Nb8 8.
Nf3 Bd6 9. Be2 Nd7 10. O-O O-O 11. Qc2 Nc5 12. Be3 b6 13. Nd2 f5 14. f3 f4 15.
Bf2 Qg5 16. g4 fxg3 17. hxg3 Bh3 18. Rfe1 Rf6 19. Bf1 Rh6 20. Bxh3 Rxh3 21. Kg2
Qh6 22. Rh1 Rxh1 23. Rxh1 Qg6 24. Nc4 Rf8 25. Bxc5 bxc5 26. Rb1 Qh5 27. Qe2 Rf6
28. Rh1 Qg5 29. Ne3 Rh6 30. Rxh6 Qxh6 31. Nf5 Qc1 32. Qb5 h6 33. Qd7 Qg5 34. c4
Qf6 35. Kf2 Bf8 36. a4 g6 37. Ne3 Qb6 38. Kg2 Qb2+ 39. Kh3 Qf2 40. Qe6+ Kh7 41.
Qf7+ Bg7 42. Ng2 Qe2 {(=)} 43. g4 Qxc4 44. Qxc7 Qd3 45. Kg3 c4 46. d6 c3 47. d7
c2 48. d8=Q Qxd8 49. Qxd8 c1=Q 50. Qa5 Qg1 51. Qd5 Bf6 52. Qf7+ Bg7 53. a5 Qc5
54. a6 Qb6 55. Qb7 Qg1 56. Qf7 Qb6 {(=)} 57. Qc4 Qg1 58. Qf7 1/2-1/2

[Event "London Chess League Open"]
[Site "London"]
[Date "2023.06.03"]
[Round "2.15"]
[White "Veeturi, Yashvardhan"]
[Black "Spanton, Tim R"]
[Result "0-1"]
[ECO "C02"]
[WhiteElo "1426"]
[BlackElo "1824"]
[PlyCount "98"]
[EventDate "2023.06.02"]
[EventType "swiss"]
[EventRounds "5"]
[EventCountry "ENG"]
[SourceTitle "BritBase"]
[Source "John Saunders"]
[SourceDate "2023.12.27"]
[SourceVersion "1"]
[SourceVersionDate "2023.12.27"]
[SourceQuality "1"]

1. e4 e6 2. d4 d5 3. e5 c5 4. c3 Bd7 5. Nf3 Qb6 6. a3 Bb5 7. Bd3 Bxd3 8. Qxd3
c4 9. Qc2 Nc6 10. Nbd2 Nge7 11. Rb1 Ng6 12. b3 cxb3 13. Rxb3 Qa6 14. c4 Na5 15.
Rc3 dxc4 16. Nxc4 Nxc4 17. Rxc4 Be7 18. O-O O-O 19. Bb2 Nf4 20. Re1 b6 21. Rc1
Rfd8 22. g3 Nd5 23. h4 h6 24. Nd2 Qb7 25. Nf1 a6 26. Ne3 Nxe3 27. fxe3 Qf3 28.
Qf2 Qxf2+ 29. Kxf2 Rd7 30. h5 Kf8 31. Rc6 Rb8 32. Ke2 Ke8 33. Kd3 Rdb7 34. g4
Kd7 35. Ke4 a5 36. d5 exd5+ 37. Kxd5 Bc5 38. e4 Ke7 39. e6 Rd8+ 40. Ke5 f6+ 41.
Kf5 Rd2 42. Bc3 Rf2+ 43. Kg6 Rg2 44. Kf5 Rf2+ 45. Kg6 Rf4 46. Kxg7 Rxg4+ 47.
Kxh6 Be3+ 48. Kh7 Kf8+ 49. Kh8 Rg8# 0-1

[Event "London Chess League Open"]
[Site "London"]
[Date "2023.06.03"]
[Round "2.16"]
[White "Dasgupta, Avyukt"]
[Black "Zhang, Junyi"]
[Result "1-0"]
[ECO "A34"]
[WhiteElo "1818"]
[BlackElo "1480"]
[PlyCount "75"]
[EventDate "2023.06.02"]
[EventType "swiss"]
[EventRounds "5"]
[EventCountry "ENG"]
[SourceTitle "BritBase"]
[Source "John Saunders"]
[SourceDate "2023.12.27"]
[SourceVersion "1"]
[SourceVersionDate "2023.12.27"]
[SourceQuality "1"]

1. Nf3 c5 2. c4 e6 3. Nc3 Nf6 4. b3 b6 5. Bb2 Bb7 6. e3 d6 7. Be2 Be7 8. O-O
O-O 9. Qc2 Nbd7 10. Rad1 a6 11. d4 Qc7 12. Rd2 Rfd8 13. d5 exd5 14. cxd5 b5 15.
Rfd1 Re8 16. Bd3 Nf8 17. Bf5 b4 18. Ne2 Ng6 19. Bxg6 hxg6 20. Ng5 Bc8 21. Ng3
Nd7 22. Nf3 Bf6 23. Bxf6 Nxf6 24. h3 a5 {(=)} 25. e4 a4 26. Ng5 axb3 27. axb3
Bd7 28. f4 Ra3 29. Nf3 Qa7 30. Kh2 Rc8 31. e5 Ne8 32. Qc4 Qa5 33. e6 Bb5 34.
exf7+ Kxf7 35. Qe4 Bd7 36. Ng5+ Kf6 37. Re1 Qd8 38. Qe6+ 1-0

[Event "London Chess League Open"]
[Site "London"]
[Date "2023.06.03"]
[Round "2.17"]
[White "Cuthbert, Larissa"]
[Black "Sedykh, Stakhey"]
[Result "1-0"]
[ECO "D18"]
[WhiteElo "1404"]
[BlackElo "1633"]
[PlyCount "83"]
[EventDate "2023.06.02"]
[EventType "swiss"]
[EventRounds "5"]
[EventCountry "ENG"]
[SourceTitle "BritBase"]
[Source "John Saunders"]
[SourceDate "2023.12.27"]
[SourceVersion "1"]
[SourceVersionDate "2023.12.27"]
[SourceQuality "1"]

1. d4 d5 2. c4 c6 3. Nf3 Nf6 4. Nc3 dxc4 5. a4 Bf5 6. e3 e6 7. Bxc4 Bb4 8. Bd2
O-O 9. O-O Nbd7 10. Re1 Qc7 11. h3 e5 12. Qb3 a5 13. d5 Nc5 14. Qa2 Rad8 15.
dxc6 bxc6 16. b3 Rd7 17. Ne2 Bxd2 18. Nxd2 e4 19. Nd4 Bg6 20. Rac1 Nd5 21. Qa3
Nb4 22. Red1 Bh5 23. Rf1 Qe5 24. Nb1 Rd6 25. Be2 Bxe2 26. Nxe2 Ncd3 27. Rc3 f5
28. Nd2 f4 29. Nc4 Qh5 30. Rxd3 Rxd3 31. Nxf4 Rxf4 32. exf4 Rd1 33. Rxd1 Qxd1+
34. Kh2 Qe1 35. Nxa5 Nd3 36. Nxc6 Qxf2 37. Ne7+ Kf7 38. Nd5 Ne1 39. Qe7+ Kg6
40. Qe6+ Kh5 41. Qg4+ Kh6 42. Qg5# 1-0

[Event "London Chess League Open"]
[Site "London"]
[Date "2023.06.03"]
[Round "2.18"]
[White "McNamara, JJ"]
[Black "Singha, Swati"]
[Result "1-0"]
[ECO "C29"]
[WhiteElo "1327"]
[BlackElo "1568"]
[PlyCount "71"]
[EventDate "2023.06.02"]
[EventType "swiss"]
[EventRounds "5"]
[EventCountry "ENG"]
[SourceTitle "BritBase"]
[Source "John Saunders"]
[SourceDate "2023.12.27"]
[SourceVersion "1"]
[SourceVersionDate "2023.12.27"]
[SourceQuality "1"]

1. e4 e5 2. Nc3 Nf6 3. f4 Nc6 4. fxe5 Nxe5 5. d4 Ng6 6. e5 Ng8 7. Nf3 d6 8. Bc4
h6 9. O-O dxe5 10. Bxf7+ Kxf7 11. Nxe5+ Ke8 12. Nxg6 Nf6 13. Re1+ Kf7 14. Nxh8+
Kg8 15. Ng6 Bg4 16. Qd3 Bb4 17. Qc4+ Kh7 18. Qxb4 Kxg6 19. Qxb7 Bf5 20. Re2 Bg4
21. Rf2 Be6 22. Nb5 Rc8 23. Qxa7 c6 24. Na3 Ng4 25. Rf3 c5 26. c3 Rc7 27. Qb6
Qd7 28. Bf4 Rc6 29. Qb5 cxd4 30. Qd3+ Bf5 31. Qxd4 Qb7 32. Nc4 Qb5 33. Ne5+
Nxe5 34. Qxe5 Qxb2 35. Bc1 Qxa1 36. Qxf5# 1-0

[Event "London Chess League Open"]
[Site "London"]
[Date "2023.06.03"]
[Round "2.19"]
[White "Aryaman, Ganguly"]
[Black "Gunawardana, Thivan Manamperi"]
[Result "1-0"]
[ECO "B15"]
[WhiteElo "1518"]
[BlackElo "1334"]
[PlyCount "63"]
[EventDate "2023.06.02"]
[EventType "swiss"]
[EventRounds "5"]
[EventCountry "ENG"]
[SourceTitle "BritBase"]
[Source "John Saunders"]
[SourceDate "2023.12.27"]
[SourceVersion "1"]
[SourceVersionDate "2023.12.27"]
[SourceQuality "1"]

1. e4 c6 2. d4 d5 3. Nc3 dxe4 4. Nxe4 Nf6 5. Nxf6+ exf6 6. Nf3 Bd6 7. Bd3 O-O
8. O-O Bg4 9. Be2 Re8 10. Re1 Qe7 11. Be3 Na6 12. c3 Nc7 13. Nd2 Bxe2 14. Qxe2
Nd5 15. Qf3 g6 16. Kf1 f5 17. g3 Nxe3+ 18. Rxe3 Qg5 19. Rae1 Rxe3 20. fxe3 Re8
21. Re2 Qg4 22. Qxg4 fxg4 23. e4 Bf8 24. e5 Bg7 25. Ne4 b6 26. b4 h6 27. Rf2
Re6 28. Kg2 Kh7 29. Rxf7 a5 30. Rb7 axb4 31. cxb4 b5 32. Nf6+ 1-0

[Event "London Chess League Open"]
[Site "London"]
[Date "2023.06.03"]
[Round "3.1"]
[White "Faulks, Nick"]
[Black "Rogers, Tim L"]
[Result "1-0"]
[ECO "A13"]
[WhiteElo "1816"]
[BlackElo "1913"]
[PlyCount "35"]
[EventDate "2023.06.02"]
[EventType "swiss"]
[EventRounds "5"]
[EventCountry "ENG"]
[SourceTitle "BritBase"]
[Source "John Saunders"]
[SourceDate "2023.12.27"]
[SourceVersion "1"]
[SourceVersionDate "2023.12.27"]
[SourceQuality "1"]

1. c4 e6 2. Nc3 d5 3. e3 Nf6 4. Nf3 c5 5. cxd5 Nxd5 6. Nxd5 Qxd5 7. b3 Be7 8.
Bb2 O-O 9. Qc2 Nd7 10. Bc4 Qh5 11. Rg1 b6 12. g4 Qg6 13. Bd3 Qh6 14. g5 Qh5 15.
Be4 Rb8 16. Qc3 f6 17. Qc4 Qe8 18. Bxh7+ 1-0

[Event "London Chess League Open"]
[Site "London"]
[Date "2023.06.03"]
[Round "3.2"]
[White "Soulier, Alfred"]
[Black "Rida, Ruqayyah"]
[Result "0-1"]
[ECO "C50"]
[WhiteElo "1763"]
[BlackElo "1873"]
[PlyCount "140"]
[EventDate "2023.06.02"]
[EventType "swiss"]
[EventRounds "5"]
[EventCountry "ENG"]
[SourceTitle "BritBase"]
[Source "John Saunders"]
[SourceDate "2023.12.27"]
[SourceVersion "1"]
[SourceVersionDate "2023.12.27"]
[SourceQuality "1"]

1. e4 e5 2. Nf3 Nc6 3. Bc4 Bc5 4. O-O Nf6 5. d4 Bxd4 6. Nxd4 Nxd4 7. Bg5 h6 8.
f4 d6 9. fxe5 dxe5 10. Bxf6 gxf6 11. c3 Ne6 12. Qxd8+ Kxd8 13. Rxf6 Ke7 14. Rf2
f6 15. Nd2 Nf4 16. Nb3 c6 17. a4 b6 18. a5 Bb7 19. a6 Bc8 20. Rd2 Be6 21. Bxe6
Nxe6 22. Rf2 Rhg8 23. Kh1 Rg4 24. Re1 Rd8 25. Rd2 Rxd2 26. Nxd2 Nf4 27. Nc4
Rxg2 28. Ra1 Rg8 29. Rf1 Nd3 30. b4 Rg4 31. Rf3 Rxe4 32. Rxd3 Rxc4 33. Rg3 Kf7
34. Rd3 e4 35. Rd7+ Kg6 36. Rxa7 Rxc3 37. Kg2 Ra3 38. Rc7 Rxa6 39. Rxc6 Ra2+
40. Kg3 Kf5 41. Rxb6 Ke5 42. Rb8 f5 43. Rb5+ Kf6 44. Rb6+ Kg5 45. h4+ Kh5 46.
Rf6 Ra3+ 47. Kf2 Rf3+ 48. Ke2 Kxh4 49. Rxh6+ Kg5 50. Rh8 Rb3 51. Rb8 Kf4 52. b5
Rb2+ 53. Kd1 Ke3 54. b6 f4 55. b7 f3 56. Kc1 Rb6 57. Kd1 f2 58. Rf8 Rxb7 59.
Kc2 Ke2 60. Rf6 f1=Q 61. Rxf1 Kxf1 62. Kd2 Kf2 63. Kc3 Rd7 64. Kc4 e3 65. Kc5
e2 66. Kc6 Rd2 67. Kc5 e1=Q 68. Kc4 Qc1+ 69. Kb3 Rb2+ 70. Ka3 Qa1# 0-1

[Event "London Chess League Open"]
[Site "London"]
[Date "2023.06.03"]
[Round "3.3"]
[White "Llewellyn, Julian D"]
[Black "Farrand, Tom"]
[Result "1/2-1/2"]
[ECO "B45"]
[WhiteElo "1737"]
[BlackElo "2143"]
[PlyCount "53"]
[EventDate "2023.06.02"]
[EventType "swiss"]
[EventRounds "5"]
[EventCountry "ENG"]
[SourceTitle "BritBase"]
[Source "John Saunders"]
[SourceDate "2023.12.27"]
[SourceVersion "1"]
[SourceVersionDate "2023.12.27"]
[SourceQuality "1"]

1. e4 c5 2. Nf3 e6 3. d4 cxd4 4. Nxd4 Nf6 5. Nc3 Nc6 6. Nxc6 bxc6 7. e5 Nd5 8.
Ne4 Qc7 9. f4 f5 10. exf6 Nxf6 11. Nxf6+ gxf6 12. Be3 Qa5+ 13. Qd2 Bb4 14. c3
Be7 15. Be2 O-O 16. O-O d5 17. Kh1 Bd7 18. Rf3 e5 19. fxe5 fxe5 20. Bh6 Rxf3
21. Bxf3 Be6 22. Rf1 Qxa2 23. Qf2 Kh8 24. Qg3 Bf6 25. Qf2 Be7 26. Qg3 Bf6 27.
Qf2 1/2-1/2

[Event "London Chess League Open"]
[Site "London"]
[Date "2023.06.03"]
[Round "3.4"]
[White "Kothari, Jai"]
[Black "Sedykh, Mikhail"]
[Result "0-1"]
[ECO "C10"]
[WhiteElo "1767"]
[BlackElo "2088"]
[PlyCount "104"]
[EventDate "2023.06.02"]
[EventType "swiss"]
[EventRounds "5"]
[EventCountry "ENG"]
[SourceTitle "BritBase"]
[Source "John Saunders"]
[SourceDate "2023.12.27"]
[SourceVersion "1"]
[SourceVersionDate "2023.12.27"]
[SourceQuality "1"]

1. e4 e6 2. d4 d5 3. Nc3 dxe4 4. Nxe4 Nd7 5. Nf3 Ngf6 6. Ng3 c5 7. dxc5 Bxc5 8.
Bd3 O-O 9. O-O b6 10. a3 a5 11. Qe2 Qc7 12. b3 Bb7 13. Bb2 Rfd8 14. Ng5 h6 15.
N5e4 Be7 16. Rae1 Rac8 17. f4 Re8 18. Kh1 Nxe4 19. Nxe4 Bf8 20. Qh5 g6 21. Qh4
Bg7 22. Bxg7 Kxg7 23. Re3 Bxe4 24. Bxe4 {(=)} Qd8 25. Qf2 Nf6 26. Bf3 Qd4 27.
g3 Red8 28. Re5 Rc3 29. Rb5 Qxf2 30. Rxf2 Rd6 31. Kg2 Ne8 32. Re5 Kf6 33. Ree2
a4 34. bxa4 Rxa3 35. Re4 Nc7 36. g4 Na6 37. h4 Nc5 38. g5+ Kg7 39. Re5 Rxa4 40.
Kg3 Rdd4 41. Bc6 Ra3+ 42. Rf3 Rxf3+ 43. Kxf3 Rc4 44. Re2 Rc3+ 45. Kg2 h5 46.
Bf3 Rc4 47. Kg3 Na6 48. Rd2 Nb4 49. Rd6 b5 50. Rb6 Nxc2 51. Rxb5 Nd4 52. Rb1
Nf5+ 0-1

[Event "London Chess League Open"]
[Site "London"]
[Date "2023.06.03"]
[Round "3.5"]
[White "Lalic, Peter D"]
[Black "Muirhead, Samuel"]
[Result "1-0"]
[ECO "B02"]
[WhiteElo "2081"]
[BlackElo "1621"]
[PlyCount "77"]
[EventDate "2023.06.02"]
[EventType "swiss"]
[EventRounds "5"]
[EventCountry "ENG"]
[SourceTitle "BritBase"]
[Source "John Saunders"]
[SourceDate "2023.12.27"]
[SourceVersion "1"]
[SourceVersionDate "2023.12.27"]
[SourceQuality "1"]

1. Nc3 d5 2. e4 dxe4 3. d3 Nf6 4. Bg5 Bf5 5. Bxf6 exf6 6. dxe4 Qxd1+ 7. Rxd1
Be6 8. Nge2 Bc5 9. Nd5 Bd6 10. Nd4 a6 11. Bc4 Nd7 12. O-O b5 13. Bb3 Nc5 14.
Rfe1 O-O 15. c3 Rfe8 16. Bc2 Bc8 17. b4 Nd7 18. Nf5 Rd8 19. Nxd6 cxd6 20. Ne7+
Kf8 21. Nc6 Re8 22. Rxd6 Nb6 23. Na5 Rb8 24. Bb3 Be6 25. f3 Rec8 26. Re3 Na4
27. Bxa4 bxa4 28. a3 Rd8 29. Red3 Rxd6 30. Rxd6 Rc8 31. Rd3 Rc7 32. c4 Ke7 33.
Kf2 g6 34. c5 Bd7 35. Rd6 Bb5 36. Ke3 h6 37. Kd4 g5 38. Nc4 h5 39. Ne3 1-0